000 005860000a22001810004500
003 MACL
005 20160409154734.0
008 160409b xxu||||| |||| 00| 0 eng d
040 _aMACL
_cMACL
041 _aHindi
082 _a537
100 _aडॉ मनोज भटनागर
_951443
245 _aइलैक्‍ट्रोनिक्‍स और उनकी देखभाल
260 _bखुराना बुक्‍स एण्‍ड संस
_c2005
_aदिल्‍ली
350 _a200
650 _aElectronics
_927404
942 _cHIN
_k600
_2ddc
999 _c41749
_d41749